MARC

LEADER 00000nam0a2200000 4500
001 33351
005 20231101210147.0
010 |a 5283005968 
035 |a (RuTPU)RU\TPU\book\33684 
035 |a BOOK00000335 
090 |a 33351 
100 |a 20011210d1990 km y0rusy50 ca 
101 0 |a rus 
102 |a RU 
105 |a a z 000zy 
200 1 |a Электротехника  |f В. Ю. Ломоносов, К. М. Поливанов, О. П. Михайлов 
210 |a Москва  |c Энергоатомиздат  |d 1990 
215 |a 400 с.  |c ил. 
606 1 |a Электротехника общая  |2 stltpush  |3 (RuTPU)RU\TPU\subj\20906  |9 45967 
610 1 |a электрические цепи 
610 1 |a электрический ток 
610 1 |a расчет 
610 1 |a физические процессы 
610 1 |a полупроводниковые приборы 
610 1 |a электрические машины 
610 1 |a электрические аппараты 
610 1 |a электроизмерительные приборы 
675 |a 621.3  |v 3 
700 1 |a Ломоносов  |b В. Ю.  |g Всеволод Юрьевич 
701 1 |a Поливанов  |b К. М.  |g Константин Михайлович 
701 1 |a Михайлов  |b О. П.  |g Олег Павлович 
801 0 |a RU  |b 63413507  |c 20011210  |g PSBO 
801 2 |a RU  |b 63413507  |c 20200703  |g PSBO 
900 |a Электротехника 
900 |a Электротехника и электроника 
942 |c BK